| 000 | 00842nam a22002775i 4500 | ||
|---|---|---|---|
| 999 |
_c5513 _d5513 |
||
| 003 | EG-ScBUE | ||
| 005 | 20210111140613.0 | ||
| 008 | 200219s1996 enk g 000 f eng d | ||
| 020 | _a0701165855 | ||
| 020 | _a9780701165857 | ||
| 040 |
_aEG-ScBUE _beng _erda _cEG-ScBUE _dEG-ScBUE |
||
| 082 | 0 | 4 |
_a813.54 _bKLE _222 |
| 100 | 1 |
_aKlein, Joe, _d1946- _eauthor. |
|
| 245 | 1 | 0 |
_aPrimary colors : _ba novel of politics / _cAnonymous. |
| 264 | 1 |
_aNew York : _bChatto & Windus, _c1996. |
|
| 300 |
_a366 pages ; _c25 cm |
||
| 336 |
_atext _btxt _2rdacontent |
||
| 337 |
_aunmediated _bn _2rdamedia |
||
| 338 |
_avolume _bnc _2rdacarrier |
||
| 650 | 7 |
_aPresidents _xElection _vFiction. _2BUEsh |
|
| 650 | 7 |
_aPolitical campaigns _vFiction. _2BUEsh |
|
| 651 | _2BUEsh | ||
| 653 |
_bHHUUEENN _cJanuary2021 |
||
| 655 | 7 | _aPolitical fiction. | |
| 942 |
_cBB _2ddc |
||